Inteligência (Registo nº 21754)

Detalhes MARC
000 -Etiqueta do registo
Valores 00699nam a22002291i 4500
090 ## -
-- 21754
010 ## - Número ISBN
ISBN 9789727115518
100 ## - Dados gerais de processamento
Dados gerais 20170304u u u0frey50 ba
101 0# - Língua de publicação
-- por
200 1# - Titulo e menção de responsabilidade
Primeira menção de responsabilidade Osho
Título próprio Inteligência
Informação de outro título a resposta criativa
215 ## - Descrição física 
Paginação / Volumes 220, [4] p.
Dimensões 21 cm
210 ## - Publicação
Nome do editor Pergaminho
Data de publicação 2004
225 2# - Colecção 
Título próprio da colecção OSHO - o eu interior
225 2# - Colecção 
Nome de parte ou secção Uma nova forma de viver
300 ## - Notas gerais 
Texto da nota Oferta de Jorge Araújo
410 #0 -
-- OSHO - o eu interior
411 #0 -
-- Uma nova forma de viver
702 #1 - Autor secundário (pessoa individual)
Apelido Baptista
Nome Isabel Garcia
-- 730
700 #1 - Autor principal (pessoa individual)
Apelido Osho
-- 070
Datas 1931-1990
996 ## - ISO2709
-- 0031585
-- OSH
-- 00000000
-- 00000000
-- BMVA
-- 1
-- Viana do Alentejo
-- Psicologia
-- 25
-- Livro
-- 0
-- 1
990 ## - Elementos KOHA
Tipo de documento Livro
Exemplares
Situação do levantamento Estado Biblioteca de origem Biblioteca de empréstimo Código de barras Cota Permissão de empréstimo Tipo de documento
  Completo Biblioteca Municipal de Viana Do Alentejo Biblioteca Municipal de Viana Do Alentejo 0027587 159.9 OSH Disponível Livro




Powered by Koha